000 00713nam a22002297a 4500
999 _c186241
_d186241
005 20220218143216.0
010 _aENG-131677
020 _a9788195267897
_c172.00
035 _aEN-115209
037 _bDBAD
082 _a306.0554
100 _aPrasad, D. Hari
245 _aIndian Culture and Science/
_cD. Hari Prasad et.al.
260 _aHyderabad
_bSunRaise International Publishers
_c2021
270 _a# 326/C, Level-2, Surneni Nilayam Near B K Guda Park, S R Nagar
_bHyderabad
_e500038
300 _aviii, 176p.
_c23cm(pbk)
700 _aJayasankar, K.
700 _aSrinadh, P.
700 _aGowrisankar, B.
700 _aNaidu, R. Rajgopal
942 _2ddc
_cEN
_h306.0554
_mPRA